000 01283nam2a2200253 4500
001 RU\NLR\BIBL_A\022665634
005 20260120155311.0
010 _a978-5-9268-4628-4
_92500
021 _aRU
_bКН-П-25-059588
_9КН-П-25-5735
035 _a(NLR Aleph) 022665634
090 _a13533395
_c13533395
100 _a20251114d2025 u y0rusy50 ca
101 1 _arus
_cita
102 _aRU
105 _aac z 000gy
200 1 _aЧистилище
_fвступ. ст. и коммент. М. Л. Лозинского
210 _d2025
215 _a350, [1] с.
_cил., портр.
320 _aБиблиогр. в тексте коммент.: с. 217-349
461 0 _1001RU\NLR\BIBL_A\022665208
_12001#$aБожественная Комедия$eв 3 томах$fДанте Алигьери$gперевод с итальянского М. Л. Лозинского$gхудожник: М. И. Пиков$vТ. 2
_1700#0$aДанте Алигьери$f1265-1321$3RU\NLR\AUTH\7712289
_913472222
_aДанте Алигьери (1265-1321)
_cСанкт-Петербург
_d2025
_fДанте Алигьери
_nРечь
_oв 3 томах
_tБожественная Комедия
_y978-5-9268-4626-0
_vТ. 2
942 _cBOOK
980 _aNB